00510nam a22001697a 4500008004100000020001500041040001500056050002700071100001800098245006300116260003500179300001500214650002900229650004700258700001800305700001700323200123b xxu||||| |||| 00| 0 eng d a9966223357 aKABUcKABU aLC2781b.C44 2012 c. 1 aChenge, Fungo aGeneral knowledgecFungo Chenge, Agumba Ndalo, Peter Waswa aNairobi, KenyabLonghornc2012 aix, 190 p. aGeneral educationzKenya aECDE teacher trainees and trainers zKenya aNdalo, Agumba aWaswa, Peter